| 000 | 00621nam a2200217Ii 4500 | ||
|---|---|---|---|
| 003 | JO-AjNU | ||
| 005 | 20240625125817.0 | ||
| 008 | 230606s9999||||xx |||||||||||||| ||und|| | ||
| 020 | _a0-912776-28-5 | ||
| 040 |
_aJO-AjNU _beng _erda _cJO-AjNU |
||
| 041 | _aeng | ||
| 050 | 1 | 4 | _aBL1135. P7. A22 1972 |
| 100 | 3 |
_aprabhupada, A.C. Bhaktivednta Swami , _eauthor _95559 |
|
| 245 | 0 | 0 | _aSrimad Bhagavatam, 1-2 |
| 260 |
_aNew York : _bBhaktivedanta Books Trust , _c1977 |
||
| 300 | _a429P | ||
| 336 |
_atext _btxt _2rdacontent |
||
| 337 |
_aunmediated _bn _2rdamedia |
||
| 338 |
_avolume _bnc _2rdacarrier |
||
| 942 |
_2lcc _cBK |
||
| 999 |
_c2874 _d2874 |
||